000 00446nam a2200169Ia 4500
008 121119t2010 xxu||||| |||| 00| 0 sin d
041 _asin
080 _aX8S1
_bNIL
100 _aBandara Nilame .M.K.M
245 _aටිකිරි මැණිකේ
246 _aTikiri Menike
260 _bM.K.M.Bandara Nilame
_aAnuradapura
_c2010
300 _b38p., 20 cm
942 _cBK
999 _c75286
_d75286
003 LK-CoDNM
040 _aLK-CoDNM
_dLK-CoDNM
_eLK-CoDNM